|
|
|
|
| LEADER |
00000cam a2200000 a 4500 |
| 001 |
vtls009488514 |
| 003 |
SK-MaSNL |
| 005 |
20260425232608.0 |
| 008 |
240314s1998 xo a f 000 0 slo |
| 020 |
|
|
|a 8096804367
|q (brož.)
|
| 040 |
|
|
|a SNK
|b slo
|c SNK
|e AACR2
|
| 041 |
0 |
|
|a slo
|
| 044 |
|
|
|a xo
|c SK
|
| 072 |
|
7 |
|a 33
|x Ekonómia
|2 konspekt
|
| 080 |
|
|
|a 338
|2 2001
|
| 080 |
|
|
|a 33
|2 2001
|
| 080 |
|
|
|a 330.34
|2 2001
|
| 080 |
|
|
|a 339.926
|2 2001
|
| 080 |
|
|
|a (4)
|2 2001
|
| 080 |
|
|
|a (437.6)
|2 2001
|
| 080 |
|
|
|a (048.8)
|2 2001
|
| 100 |
1 |
|
|a Mihalik, Jozef,
|d 1964-
|4 aut
|
| 245 |
1 |
0 |
|a Slovenská cesta transformácie ekonomiky a konvergencie s Európskou úniou
|c Jozef Mihalik
|
| 250 |
|
|
|a 2. dopl. a rozš. vyd.
|
| 260 |
|
|
|a Bratislava
|b Slovenská spoločnosť pre medzinárodné vzťahy a porozumenie
|c 1998
|
| 300 |
|
|
|a 415 s.
|b grafy, tab.
|c 21 cm
|
| 500 |
|
|
|a Prvé vydanie v angličtine? The Slovak Way of Economic transformation and Convergence with the European Union
|
| 648 |
|
7 |
|a od 1989-
|2 SNKPH
|9 329254
|
| 650 |
0 |
7 |
|a ekonomický rozvoj
|2 SNKPH
|9 49952
|
| 650 |
0 |
7 |
|a konvergencia (ekonómia)
|2 SNKPH
|9 103076
|
| 650 |
0 |
7 |
|a ekonomická transofrmácia
|2 SNKPH
|9 476632
|
| 650 |
0 |
7 |
|a Economic transformation
|2 SNKPHeng
|9 305819
|
| 650 |
0 |
7 |
|a Economic development
|2 SNKPHeng
|9 265578
|
| 650 |
0 |
7 |
|a ekonomika
|2 SNKPH
|9 789
|
| 650 |
0 |
7 |
|a Economics
|2 SNKPHeng
|9 265310
|
| 650 |
0 |
7 |
|a Convergence (economics)
|2 SNKPHeng
|9 325330
|
| 651 |
|
7 |
|a krajiny Európskej únie
|2 SNKPH
|9 31482
|
| 651 |
|
7 |
|a Slovensko
|2 SNKPH
|9 14231
|
| 651 |
|
7 |
|a European Union countries
|2 SNKPHeng
|9 276031
|
| 651 |
|
7 |
|a Slovakia
|2 SNKPHeng
|9 92630
|
| 655 |
|
7 |
|a monografie
|2 SNKPH
|9 70139
|
| 655 |
|
7 |
|a Monographs
|2 SNKPHeng
|9 120675
|
| 919 |
|
|
|a 80-968043-67
|
| 999 |
|
|
|c 743916
|d 745846
|
| 952 |
|
|
|a SNK
|b SNK
|y PREZ
|7 0
|p 17A1082041
|o snkSC 156056
|i snk2013/21604
|8 1
|0 0
|1 0
|4 0
|d 2013-09-17
|l 0
|r 2025-08-18 00:00:00
|w 2026-02-23
|